000 00779nam a2200241Ia 4500
003 OSt
005 20220923225320.0
006 a|||||r|||| 00| 0
007 ta
008 220922b |||||||| |||| 00| 0 san d
024 _a263,276
037 _cTextual
040 _aARTS
_cARTS
_bsan
041 _2san
_asan
082 _aLBx3, 15K2
100 _aउपाध्याय, यदुनन्दन
245 0 _aअष्टा›हृदयम्
246 _aAṣhṭā›hṛudayam
260 _aवाराणसी
_b चौखम्बा संस्कृत सीरीज आफिस
_c1962
300 _a605पृ0
_ccm.
942 _hLBx3, 15K2
_cTEXL
_2CC
999 _c377523
_d377523